| 000 | 00582cam a2200181 a 4500 | ||
|---|---|---|---|
| 001 | 1893758 | ||
| 005 | 20240212003520.0 | ||
| 008 | 831220s1982 ce b b 000 0 eng | ||
| 040 |
_aDLC _cDLC _dDLC |
||
| 082 | 0 | 0 |
_a307.72 _219 _bTIL. |
| 100 | 1 | _aHettiarachchy, Tilak, | |
| 245 | 1 | 4 |
_aThe Sinhala peasant in a changing society : _becological change among the Sinhala peasants from 1769 A.D. to 1909 A.D. / _cTilak Hettiarachchy. |
| 260 |
_aColombo, Sri Lanka : _bLake House Investments, _c1982. |
||
| 300 | _axi, 147 p. : | ||
| 650 | 0 | _aPeasants | |
| 650 | 0 | _aAgriculture | |
| 942 | _cL | ||
| 999 |
_c368 _d368 |
||